000 01556nam a2200457 i 4500
001 40721
003 KOSZ 005
005 20200317132458.0
008 011120s2001 pl a f f |000 0 pol
015 _aPB 2001/18845
020 _a8391389537
035 _a(OCoLC)749399044
040 _aWA N
_cWA N
_dKOSZ 005/HR
041 1 _apol
_hger
046 _k2001
080 _a628.8
080 _a697
080 _a(083.1)
100 1 _aUllrich, Hans-Jürgen
_eAutor
245 1 0 _aTechnika klimatyzacyjna :
_bporadnik /
_cHans-Jürgen Ullrich ; [tł. Ryszard Blaszewski].
246 1 _iTyt. oryg.:
_aKlimatechnik.
260 _aGdańsk :
_bIPPU [Inżynierskie Przedsiębiorstwo Produkcyjno-Usługowe] "Masta",
_c2001.
300 _a386 s. :
_bfot., rys., wykr. ;
_c22 cm.
336 _2rdacontent
_aTekst
_btxt
337 _2rdamedia
_aBez urządzenia pośrednicza\ącego
_bn
338 _2rdacarrier
_aWolumin
_bnc
380 _aKsiążki
380 _aPublikacje fachowe
388 _a2001-
490 1 _aBiblioteka CHTK ;
_v8.
504 _aBibliogr., wykaz norm pol.
650 4 _aUrządzenia
650 4 _aKlimatyzacja
655 4 _aPoradnik
658 _aInżynieria i technika
700 1 _aBlaszewski, Ryszard.
_eTłumaczenie
710 2 _aInżynierskie Przedsiębiorstwo Produkcyjno-Usługowe Masta
_4pbl
830 0 _aBiblioteka CHTK ;
_v8.
856 _uhttp://koha.tu.koszalin.pl/cgi-bin/koha/opac-detail.pl?biblionumber=40721
_yKatalog online BPK
942 _2UKD
_cKS
999 _c40721
_d40721